[Event "Elista-B"]
[Site "Elista"]
[Date "2009.01.09"]
[Round "10"]
[White "Shadura, Aleksandr"]
[Black "Dzhalov, Boris"]
[Result "1-0"]
[WhiteElo "1849"]
[BlackElo "1691"]
[PlyCount "77"]
[EventDate "2009.01.03"]
[EventType "tourn"]
[EventRounds "10"]
[EventCountry "RUS"]
[SourceTitle "EXT 2010"]
[Source "ChessBase"]
[SourceDate "2010.11.25"]
[SourceVersion "1"]
[SourceVersionDate "2010.11.25"]
[SourceQuality "1"]

1. e4 e5 2. Nf3 d5 3. d4 Bg4 4. Be2 Nc6 5. exd5 Qxd5 6. c4 Qa5+ 7. Bd2 Bb4 8. a3 0-0-0 9. d5 Bxf3 10. Bxf3 Bxd2+ 11. Qxd2 Qxd2+ 12. Nxd2 Nd4 13. 0-0 f5 14. Bd1 Nf6 15. f3 g5 16. Re1 Rde8 17. Nb3 Nxb3 18. Bxb3 e4 19. Bc2 Re5 20. fxe4 Nxe4 21. g4 Rhe8 22. gxf5 Nd2 23. Rxe5 Rxe5 24. Bd3 Kd8 25. Kf2 Ke7 26. h4 Kf6 27. hxg5+ Kxg5 28. Rg1+ Kf6 29. Rh1 Re7 30. Rh6+ Kg5 31. Re6 Rf7 32. b4 Nb3 33. Ke3 a5 34. c5 Rg7 35. d6 cxd6 36. cxd6 axb4 37. axb4 h5 38. Re7 Kf6 39. Rxg7 1-0

[Event "Elista-B"]
[Site "Elista"]
[Date "2009.01.07"]
[Round "7"]
[White "Pilavov, Georgy"]
[Black "Dzhalov, Boris"]
[Result "1-0"]
[WhiteElo "2618"]
[BlackElo "1691"]
[PlyCount "67"]
[EventDate "2009.01.03"]
[EventType "tourn"]
[EventRounds "10"]
[EventCountry "RUS"]
[SourceTitle "EXT 2010"]
[Source "ChessBase"]
[SourceDate "2010.11.25"]
[SourceVersion "1"]
[SourceVersionDate "2010.11.25"]
[SourceQuality "1"]

1. e4 e5 2. Nf3 d5 3. Nxe5 Nf6 4. exd5 Bd6 5. d4 0-0 6. Bc4 c5 7. dxc6 Bxe5 8. dxe5 Qxd1+ 9. Kxd1 Ng4 10. Ke2 Nxe5 11. Bb3 Nbxc6 12. Be3 Re8 13. h3 h5 14. Nc3 Be6 15. Rhd1 Bc4+ 16. Bxc4 Nxc4 17. Nd5 Rad8 18. b3 Nxe3 19. Nxe3 Nd4+ 20. Kf1 g6 21. Rd2 Kg7 22. Rad1 Ne6 23. Rd7 Rb8 24. R1d5 a6 25. Nc4 Kf6 26. Nd6 Nf4 27. Nxe8+ Rxe8 28. R5d6+ Ke5 29. Rd1 Rc8 30. Rxf7 g5 31. c4 b5 32. Re1+ Kd4 33. cxb5 axb5 34. Rd7+ 1-0

[Event "Elista-B"]
[Site "Elista"]
[Date "2009.01.04"]
[Round "2"]
[White "Dzhalov, Boris"]
[Black "Pilavov, Georgy"]
[Result "0-1"]
[WhiteElo "1691"]
[BlackElo "2618"]
[PlyCount "60"]
[EventDate "2009.01.03"]
[EventType "tourn"]
[EventRounds "10"]
[EventCountry "RUS"]
[SourceTitle "EXT 2010"]
[Source "ChessBase"]
[SourceDate "2010.11.25"]
[SourceVersion "1"]
[SourceVersionDate "2010.11.25"]
[SourceQuality "1"]

1. e4 c6 2. f4 d5 3. exd5 cxd5 4. d4 Nf6 5. c4 Nc6 6. Nf3 Bg4 7. Nc3 Bxf3 8. gxf3 e6 9. Be3 Rc8 10. c5 g6 11. Bb5 Bh6 12. Qa4 Nh5 13. 0-0-0 0-0 14. Bxc6 bxc6 15. Ne2 Qf6 16. Qc2 Rb8 17. Qd2 a5 18. Ng3 Nxf4 19. h4 Rb4 20. Ne2 e5 21. Bxf4 Bxf4 22. Nxf4 exf4 23. h5 g5 24. h6 Rfb8 25. b3 a4 26. Rhe1 Qxh6 27. Rg1 axb3 28. Qxf4 f6 29. Qf5 bxa2 30. Qe6+ Kh8 0-1

[Event "Elista Elo-A"]
[Site "Elista"]
[Date "2008.01.03"]
[Round "1"]
[White "Dzhalov, Boris"]
[Black "Dryzheva, Dariana"]
[Result "1-0"]
[WhiteElo "1695"]
[BlackElo "1527"]
[PlyCount "119"]
[EventDate "2008.01.03"]
[EventType "tourn"]
[EventRounds "11"]
[EventCountry "RUS"]
[SourceTitle "EXT 2010"]
[Source "ChessBase"]
[SourceDate "2010.11.25"]
[SourceVersion "1"]
[SourceVersionDate "2010.11.25"]
[SourceQuality "1"]

1. d4 Nf6 2. g3 e6 3. Bg2 d5 4. e3 c5 5. c3 Nc6 6. Ne2 Bd6 7. Nd2 b6 8. e4 dxe4 9. Nxe4 Nxe4 10. Bxe4 Bb7 11. 0-0 0-0 12. Qc2 f5 13. Bg2 Rc8 14. Rd1 cxd4 15. Nxd4 Nxd4 16. Rxd4 Bxg2 17. Kxg2 e5 18. Rd1 f4 19. Qe4 fxg3 20. Qd5+ Kh8 21. Qxd6 Qxd6 22. Rxd6 gxh2 23. Be3 Rf6 24. Rad1 Rcf8 25. Rd8 h6 26. Kxh2 Kh7 27. Rxf8 Rxf8 28. Rd7 a5 29. Re7 Rf5 30. Rb7 e4 31. Kg2 b5 32. Re7 h5 33. Rxe4 g5 34. Re6 g4 35. Rh6+ Kg7 36. Ra6 a4 37. a3 h4 38. Bd4+ Kh7 39. Rf6 Rg5 40. Be3 Rh5 41. Rf4 h3+ 42. Kh2 Rg5 43. Rf7+ Rg7 44. Rxg7+ Kxg7 45. f3 gxf3 46. Kxh3 Kf6 47. Kg4 Ke5 48. Kxf3 Kd5 49. Ke2 Kc4 50. Kd2 Kb3 51. Kc1 Ka2 52. Kc2 Ka1 53. Bd4 Ka2 54. c4 bxc4 55. Kc3 Kb1 56. Kxc4 Kc2 57. Bf6 Kd2 58. Kb4 Kd3 59. Kxa4 Kc4 60. Be7 1-0